000 00246nam a22001097a 4500
008 170117b xxu||||| |||| 00| 0 eng d
020 _a0632004312
041 _aeng
080 _a618.2
245 _aBLOOD GROUPS IN MAN
_cSANGER, R
942 _2udc
_cBK
999 _c2977
_d2977